000 00856nam a22002537a 4500
003 OSt
005 20231101150145.0
008 221006b |||||||| |||| 00| 0 eng d
040 _cBiblioteca Lado V
082 _a700
_bI59a
110 _91186
_aInstituto de Artes Aplicadas
_eeditor
245 _aArte + Literatura y otros simulacros/
_bTalleres de plástica y literatura/
260 _aBahía Blanca
_bVOX
300 _bvarios volúmenes
366 _efre
366 _eeng
490 _a6
_a7
650 _2Tesauro de Arte & Arquitectura
_aARTE
_9703
650 _2Tesauro de Arte & Arquitectura
_aCRITICA
650 _2Tesauro de Arte & Arquitectura
_aEXPRESIÓN
_9703
650 _2Tesauro de Arte & Arquitectura
_aLITERATURA
650 _2Tesauro de Arte & Arquitectura
_aARTES PLÁSTICAS
942 _2ddc
_c1
_h700
_iI59a
_n0
999 _c4524
_d4524